Top 250 film d'animazione - Statistics

Statistiche generali
  • Questo quiz è stato fatto 345 volte
    343 dall'ultimo reset
  • Il punteggio medio è 100 su 250
Statistiche sulle risposte
Hint Risposta % Corretto
1 Biancaneve e i sette nani
96%
12 Cenerentola
93%
63 Toy story - Il mondo dei giocattoli
90%
53 Frozen - Il regno di ghiaccio
87%
32 Il re leone
86%
30 La bella e la bestia
86%
65 Toy story 2 - Woody e Buzz alla riscossa
86%
67 Alla ricerca di Nemo
85%
122 Shrek
85%
73 Toy story 3 - La grande fuga
84%
31 Aladdin
82%
69 Cars - Motori ruggenti
81%
16 La bella addormentata nel bosco
81%
125 Shrek 2
81%
58 Frozen II - Il segreto di Arendelle
80%
36 Mulan
80%
83 Toy story 4
80%
56 Oceania
79%
130 Shrek terzo
79%
77 Inside Out
78%
28 La sirenetta
78%
74 Cars 2
77%
50 Rapunzel - L'intreccio della torre
77%
79 Alla ricerca di Dory
76%
80 Cars 3
76%
127 Madagascar
76%
81 Coco
75%
68 Gli Incredibili - Una normale famiglia di supereroi
75%
72 Up
75%
33 Pocahontas
74%
136 Shrek e vissero felici e contenti
73%
86 Luca
72%
5 Bambi
71%
20 Gli aristogatti
71%
17 La carica dei 101
71%
2 Pinocchio
71%
237 Pinocchio (2022)
71%
70 Ratatouille
71%
3 Fantasia
70%
19 Il libro della giungla
70%
71 WALL-E
70%
133 Madagascar 2
69%
140 Madagascar 3 - Ricercati in Europa
69%
60 Encanto
68%
193 L'era glaciale
68%
49 La principessa e il ranocchio
67%
75 Ribelle - The Brave
67%
203 Cattivissimo me
66%
4 Dumbo - L'elefante volante
66%
14 Le avventure di Peter Pan
66%
52 Ralph Spaccatutto
66%
35 Hercules
65%
15 Lilli e il vagabondo
65%
195 L'era glaciale 2 - Il disgelo
64%
66 Monsters & Co.
64%
197 L'era glaciale 3 - L'alba dei dinosauri
63%
87 Red
63%
37 Tarzan
63%
82 Gli incredibili 2
62%
132 Kung Fu Panda
62%
55 Zootropolis
61%
13 Alice nel paese delle meraviglie
60%
205 Cattivissimo me 2
60%
209 Cattivissimo me 3
60%
23 Le avventure di Bianca e Bernie
60%
206 Minions
60%
34 Il gobbo di Notre Dame
59%
199 L'era glaciale 4 - Continenti alla deriva
59%
21 Robin hood
59%
85 Soul
58%
138 Kung Fu Panda 2
57%
18 La spada nella roccia
57%
54 Big hero 6
56%
44 Koda fratello orso
56%
148 Kung Fu Panda 3
56%
139 Il gatto con gli stivali
55%
40 Le follie dell'imperatore
55%
42 Lilo & Stitch
55%
76 Monsters University
55%
22 Le avventure di Winnie the Pooh
54%
45 Mucche alla riscossa
54%
48 Bolt - Un eroe a quattro zampe
53%
162 Kung Fu Panda 4
53%
57 Ralph Spacca Internet
53%
123 Spirit - Cavallo selvaggio
53%
51 Winnie the Pooh - Nuove avventure nel Bosco dei 100 Acri
53%
192 Anastasia
52%
135 Dragon Trainer
52%
120 Galline in fuga
52%
108 La città incantata
52%
64 A Bug's Life - Megaminimondo
51%
202 L'era glaciale 5 - In rotta di collisone
51%
117 Z la formica
51%
146 I pinguini di Madagascar
50%
41 Atlantis - l'impero perduto
49%
46 Chicken Little - Amici per le penne
49%
38 Fantasia 2000
49%
213 Minions 2 - Come Gru diventa cattivissimo
49%
89 Elemental
48%
43 Il pianeta del tesoro
48%
118 Il principe d'Egitto
48%
145 Dragon Trainer 2
47%
119 La strada per El Dorado
46%
172 La sposa cadavere
45%
62 Wish
45%
142 I Croods
43%
109 Il castello errante di Howl
43%
39 Dinosauri
42%
7 I tre caballeros
42%
24 Red e Toby nemiciamici
42%
173 Coraline e la porta magica
41%
152 Dragon Trainer - Il mondo nascosto
41%
158 Il gatto con gli stivali 2 - L'ultimo desiderio
41%
169 Nightmare before Christmas
41%
59 Raya e l'ultimo drago
41%
131 Bee Movie
40%
129 Giù per il tubo
40%
101 Il mio vicino Totoro
40%
219 Piovono polpette
40%
78 Il viaggio di Arlo
39%
137 Megamind
39%
141 Le 5 leggende
37%
126 Shark Tale
37%
150 Baby Boss
36%
104 Porco Rosso
36%
198 Rio
36%
25 Taron e la pentola magica
36%
149 Trolls
36%
26 Basil l'investigatopo
35%
47 I Robinson - una famiglia spaziale
35%
128 La gang del bosco
35%
208 Sing
35%
143 Turbo
35%
27 Oliver & Company
34%
250 Space Jam
34%
231 Happy feet
33%
155 I Croods 2 - Una nuova era
33%
134 Mostri contro alieni
33%
84 Onward - Oltre la magia
33%
154 Trolls World Tour
33%
29 Bianca e Bernie nella terra dei canguri
32%
107 Principessa Mononoke
32%
156 Baby Boss 2 - Affari di famiglia
31%
249 Balto
31%
91 Chi ha incastrato Roger Rabbit?
31%
222 Hotel Transylvania
31%
210 Il Grinch
31%
116 Il ragazzo e l'airone
31%
235 Rango
31%
6 Saludos Amigos
31%
212 Sing 2 - Sempre più forte
31%
224 Hotel Transylvania 2
30%
88 Lightyear - La vera storia di Buzz
30%
207 Pets - Vita da animali
30%
200 Rio 2 - Missione Amazzonia
30%
124 Sinbad - La leggenda dei sette mari
29%
160 Trolls 3 - Tutti insieme
29%
163 Wallace & Gromit - la maledizione del coniglio mannaro
29%
223 Piovono polpette 2 - La rivincita degli avanzi
28%
121 Giuseppe - Il re dei sogni
27%
8 Musica maestro
27%
111 Ponyo sulla scogliera
27%
61 Strange World - Un mondo misterioso
27%
226 Hotel Transylvania 3 - Una vacanza mostruosa
26%
221 I Puffi
26%
211 Pets 2 - Vita da animali
26%
194 Robots
26%
9 Bongo e i tre avventurieri
24%
114 Si alza il vento
24%
214 Super Mario Bros - Il film
24%
151 Capitan Mutanda - Il film
22%
229 Hotel Transylvania - Uno scambio mostruoso
22%
11 Le avventure di Ichabod e Mr. Toad
22%
227 Spiderman Into the Spider-verse
22%
147 Home - A casa
21%
10 Lo scrigno delle sette perle
21%
157 Troppo cattivi
21%
239 I Simpson - Il film
20%
204 Lorax - Il guardiano della foresta
20%
196 Ortone e il mondo dei Chi
20%
186 Planes
20%
240 The Lego Movie
20%
102 Una tomba per le lucciole
20%
190 Alla ricerca della Valle Incantata
19%
153 Il piccolo yeti
19%
90 Mary Poppins
19%
144 Mr. Peabody e Sherman
19%
230 Spiderman Across the Spider-verse
19%
234 A Christmas Carol
18%
171 Frankenweenie
18%
99 Nausicaä della Valle del vento
18%
182 Fantastic Mr. Fox
17%
181 Il piccolo principe
17%
100 Laputa - Castello nel cielo
17%
97 Paprika - Sognando un sogno
17%
92 Akira
16%
183 L'isola dei cani
16%
164 Pirati! Briganti da strapazzo
16%
232 Polar Express
16%
215 Prendi il volo
16%
159 Ruby Gillman - La ragazza con i tentacoli
16%
112 Arrietty - Il mondo segreto sotto il pavimento
14%
216 Boog & Elliot - A caccia di amici
14%
115 La storia della Principessa Splendente
14%
113 La collina dei papaveri
13%
187 Planes 2 - Missione antincendio
13%
165 Shaun, vita da pecora - Il film
13%
106 I sospiri del mio cuore
12%
176 Kubo e la spada magica
12%
98 Lupin III - Il castello di Cagliostro
12%
233 Monster House
12%
161 Orion e il Buio
12%
174 ParaNorman
12%
175 Boxtrolls - Le scatole magiche
11%
93 Ghost In the Shell
11%
110 I racconti di Terramare
11%
247 La tartaruga rossa
11%
248 Persepolis
11%
105 Pom Poko
11%
228 I Mitchell contro le macchine
10%
185 In viaggio con Pippo
10%
241 Lego Batman - Il film
10%
201 Snoopy & Friends - Il film dei Peanuts
10%
217 Surf's Up - I re delle onde
10%
242 The Lego Movie 2 - Una nuova avventura
10%
189 Fievel sbarca in America
9%
95 Perfect Blue
9%
218 Boog & Elliot 2
8%
220 Boog & Elliot 3
8%
225 Boog & Elliot 4 - Il mistero della foresta
8%
191 Charlie - Anche i cani vanno in paradiso
8%
168 Galline in fuga - L'alba dei nugget
8%
179 La mia vita da zucchina
8%
177 Mister Link
7%
236 Sausage Party - Vita segreta di una salsiccia
7%
96 Tokyo Godfathers
7%
166 I primitivi
6%
238 South Park - Il film: più grosso, più lungo & tutto intero
6%
245 Appuntamento a Belleville
5%
188 Brisby e il segreto di Nimh
5%
184 Elliott, il drago invisibile
5%
103 Kiki consegna a domicilio
5%
246 L'illusionista
5%
244 La collina dei conigli
4%
178 Mary and Max
4%
94 Ghost in the Shell 2 - L'attacco dei cyborg
3%
170 James e la pesca gigante
3%
167 Shaun vita da pecora: Farmageddon
2%
180 Mune - Il guardiano della luna
1%
243 Achmed, il principe fantastico
0%
Nessun quiz corrispondente trovato
Distribuzione punteggi
Percentuale di utenti per punteggio
Percentile per numero di risposta
I tuoi punteggi nel tempo
Non hai fatto questo quiz dall'ultimo reset